Представление документа в формате MARC21

ПолеНазваниеЗначение
  Тип записи a
  Библиографический уровень m
001 Контрольный номер RU/URAIT/585845
005 Дата корректировки 20260429163702.3
008 Кодируемые данные 260429s2026 RU y f j 000 0 rus u
020 Индекс ISBN __
a ISBN 978-5-534-16678-1
c Цена, тираж 2059.00
040 Источник каталогиз. __
a Служба первич. каталог. ИКО Юрайт
c Служба, преобразующая запись ИКО Юрайт
e Правила каталог. RCR
041 Код языка издания __
a Код языка текста rus
044 Код страны публикации __
a Код страны публикации RU
080 Индекс УДК __
a Индекс УДК 159.92(075.32)
084 Индекс другой классификации/Индекс ББК __
2 Источник индекса rubbk
a Индекс другой классификации/Индекс ББК 88.5я723
100 Автор __
a Автор Петрушин В. И.
q Полное имя Петрушин Валентин Иванович
245 Заглавие __
a Заглавие Психология и педагогика художественного творчества
b Продолж. заглавия учебник для спо
c Ответственность В. И. Петрушин.
250 Сведения об издании __
g испр. и доп
a Основные сведения об издании 3-е изд.
256 Характеристики компьютерного файла __
a Характеристики компьютерного файла Электрон. дан.
260 Выходные данные __
a Место издания Москва
b Издательство Юрайт
c Дата издания 2026
300 Физическое описание __
a Объем 395 с
440 Серия __
a Серия Профессиональное образование
500 Примечания __
a Примечание URL: https://urait.ru/bcode/585845 (дата обращения: 29.04.2026).
520 Аннотация __
a Аннотация В учебном пособии рассмотрены исторические этапы становления психологии художественного творчества, роль и значение искусства в жизни общества, основные положения психологии художественного творчества. Особое внимание уделено особенностям психологии творческой личности, ее развития. Разобраны профессиональные трудности и сложности в сфере художественного творчества, представлено развитие художественного творчества в различных видах искусства. Учебный материал четко систематизирован, отражает как традиционные, так и современные подходы к изучению предмета, написан в доступной для понимания форме. К пособию прилагаются приложения с различными методами диагностики и тестами, расположенные в электронной библиотечной системе «Юрайт» (biblio-online.ru).
538 Прим. о системных особенностях __
a Прим. о системных особенностях Режим доступа: Электронно-библиотечная система Юрайт, для авториз. пользователей
653 Ключевые слова __
a Ключевые слова Искусствознание. История искусств
653 Ключевые слова __
a Ключевые слова Гуманитарные науки
653 Ключевые слова __
a Ключевые слова Педагогические основы преподавания творческих дисциплин
653 Ключевые слова __
a Ключевые слова Художественно-творческая деятельность
653 Ключевые слова __
a Ключевые слова Методика преподавания творческих дисциплин
653 Ключевые слова __
a Ключевые слова Психология и педагогика творчества
653 Ключевые слова __
a Ключевые слова Психология искусства и творчества
653 Ключевые слова __
a Ключевые слова Организация процесса изготовления компьютерно-анимационного проекта
856 Электронный адрес документа 40
n Местонахождение сервера Юрайт
g Электронная книга
q Тип электронного формата html
h Имя пользователя ЮРАЙТ
v Часы доступа к ресурсу 20271231
2 Способ доступа Показать документ
x Служебное примечание https://urait.ru/book/cover/D421839C-6BD4-4D16-B8E7-5ECCA69C7C3E
u URL https://urait.ru/bcode/585845
856 Электронный адрес документа 48
q Тип электронного формата cover
u URL https://urait.ru/book/cover/D421839C-6BD4-4D16-B8E7-5ECCA69C7C3E
911 __
u 0030=https://urait.ru/bcode/585845
911 __
u 073a=9785534166781
u 073d=2059.00
911 __
u 106a=s
911 __
u 900l=
952 Тип литературы __
i Дисциплина Педагогические основы преподавания творческих дисциплин
952 Тип литературы __
i Дисциплина Художественно-творческая деятельность
952 Тип литературы __
i Дисциплина Методика преподавания творческих дисциплин
952 Тип литературы __
i Дисциплина Психология и педагогика творчества
952 Тип литературы __
i Дисциплина Психология искусства и творчества
952 Тип литературы __
i Дисциплина Организация процесса изготовления компьютерно-анимационного проекта